000
00207 a2200097 4500
001
35199
100
_a
S I D
245
_a
Deevar-e-Girya
260
_a
Lahore
_b
Muktab Mary Library
_c
090
_c
23336
_d
23336
942
_a
NUST-CAE
_c
M
_c
14821
999
_c
270272
_d
270272